[Event "2012"]
[Site "Pyhajarve"]
[Date "2012.11.23"]
[Round "2.4"]
[White "SCHULS, Olev"]
[Black "KULAOTS, Kaido"]
[Result "1/2-1/2"]
[LiveChessVersion "1.3.1"]
[BlackElo "2537"]
[WhiteElo "2224"]

1. e4 {[%clk 0:13:58]} c5 {[%clk 0:06:00]} 2. Nf3 {[%clk 0:13:57]} e6
{[%clk 0:05:59]} 3. d4 {[%clk 0:13:56]} cxd4 {[%clk 0:05:58]} 4. Nxd4 a6 5. Bd3
{[%clk 0:13:54]} Bc5 {[%clk 0:05:53]} 6. Nb3 {[%clk 0:13:53]} Ba7
{[%clk 0:05:51]} 7. Qe2 {[%clk 0:13:51]} Nc6 {[%clk 0:05:47]} 8. Be3
{[%clk 0:13:50]} d6 {[%clk 0:05:44]} 9. N1d2 {[%clk 0:13:33]} Nf6
{[%clk 0:05:41]} 10. O-O {[%clk 0:13:30]} O-O {[%clk 0:05:37]} 11. Kh1
{[%clk 0:13:24]} e5 {[%clk 0:05:15]} 12. c4 {[%clk 0:12:02]} Bg4 {[%clk 0:05:08]}
13. f3 {[%clk 0:12:01]} Be6 {[%clk 0:05:07]} 14. Rfd1 {[%clk 0:11:57]} Bxe3
{[%clk 0:04:55]} 15. Qxe3 {[%clk 0:11:56]} Rc8 {[%clk 0:04:48]} 16. Rac1
{[%clk 0:11:54]} h6 {[%clk 0:04:46]} 17. Nb1 {[%clk 0:11:40]} Qe7
{[%clk 0:04:26]} 18. Nc3 {[%clk 0:11:37]} Nb4 {[%clk 0:04:25]} 19. Nd2
{[%clk 0:10:58]} Qc7 {[%clk 0:04:15]} 20. a3 {[%clk 0:10:38]} Nxd3
{[%clk 0:04:10]} 21. Qxd3 {[%clk 0:10:37]} Rfd8 {[%clk 0:04:07]} 22. b3
{[%clk 0:10:23]} Qa5 {[%clk 0:03:55]} 23. a4 {[%clk 0:10:11]} Qc5
{[%clk 0:03:45]} 24. Nf1 {[%clk 0:10:04]} Qa3 {[%clk 0:03:39]} 25. Nb1
{[%clk 0:09:54]} Qb4 {[%clk 0:03:24]} 26. Qc3 {[%clk 0:09:18]} Qc5
{[%clk 0:03:05]} 27. Ne3 {[%clk 0:09:11]} g6 {[%clk 0:02:26]} 28. Qd2
{[%clk 0:09:08]} Kg7 {[%clk 0:02:22]} 29. Nc3 {[%clk 0:09:02]} Qb4
{[%clk 0:02:21]} 30. Qa2 {[%clk 0:07:58]} Rc6 {[%clk 0:02:08]} 31. Ned5
{[%clk 0:07:28]} Bxd5 {[%clk 0:02:06]} 32. Nxd5 {[%clk 0:07:27]} Nxd5
{[%clk 0:02:04]} 33. Rxd5 {[%clk 0:07:26]} Rc5 {[%clk 0:02:00]} 34. Rd3
{[%clk 0:04:59]} b5 {[%clk 0:01:56]} 35. axb5 {[%clk 0:04:58]} axb5
{[%clk 0:01:55]} 36. h4 {[%clk 0:04:55]} bxc4 {[%clk 0:01:33]} 37. bxc4
{[%clk 0:04:55]} Qb6 {[%clk 0:01:25]} 38. Kh2 {[%clk 0:04:46]} Qc7
{[%clk 0:01:24]} 39. Qd2 {[%clk 0:04:38]} Qe7 {[%clk 0:01:23]} 40. g3
{[%clk 0:04:36]} Rdc8 {[%clk 0:01:20]} 41. Rxd6 {[%clk 0:04:29]} Rxc4
{[%clk 0:01:19]} 42. Rxc4 {[%clk 0:04:28]} Rxc4 {[%clk 0:01:18]} 43. Kh3
{[%clk 0:04:09]} Qc7 {[%clk 0:01:16]} 44. Qd5 {[%clk 0:04:05]} Qc8+
{[%clk 0:01:13]} 45. g4 {[%clk 0:04:00]} Rc5 {[%clk 0:01:12]} 46. Rd8
{[%clk 0:03:44]} Rxd5 {[%clk 0:00:50]} 47. Rxc8 {[%clk 0:03:44]} Rd3
{[%clk 0:00:47]} 48. Kg3 {[%clk 0:03:43]} Ra3 {[%clk 0:00:46]} 1/2-1/2

[Event "2012"]
[Site "Pyhajarve"]
[Date "2012.11.23"]
[Round "2.6"]
[White "SIEMER, Tambet"]
[Black "VOLODIN, Aleksandr"]
[Result "0-1"]
[LiveChessVersion "1.3.1"]
[BlackElo "2446"]
[WhiteElo "2046"]

1. d4 {[%clk 0:13:58]} Nf6 {[%clk 0:05:59]} 2. c4 {[%clk 0:13:53]} c5
{[%clk 0:05:58]} 3. e3 {[%clk 0:13:50]} cxd4 {[%clk 0:05:55]} 4. exd4
{[%clk 0:13:49]} g6 {[%clk 0:05:54]} 5. Nf3 {[%clk 0:13:40]} Bg7 {[%clk 0:05:50]}
6. Be2 {[%clk 0:13:38]} O-O {[%clk 0:05:48]} 7. O-O {[%clk 0:13:37]} d5
{[%clk 0:05:47]} 8. c5 {[%clk 0:12:58]} b6 {[%clk 0:05:46]} 9. cxb6
{[%clk 0:12:54]} axb6 {[%clk 0:05:43]} 10. Nc3 {[%clk 0:12:53]} Nc6
{[%clk 0:05:39]} 11. Bf4 {[%clk 0:12:07]} Ba6 {[%clk 0:05:28]} 12. Rc1
{[%clk 0:11:11]} Bxe2 {[%clk 0:05:09]} 13. Qxe2 {[%clk 0:11:10]} e6
{[%clk 0:04:35]} 14. a3 {[%clk 0:10:25]} Na5 {[%clk 0:04:32]} 15. Nb5
{[%clk 0:10:09]} Ne4 {[%clk 0:04:25]} 16. Bc7 {[%clk 0:09:18]} Qd7
{[%clk 0:04:24]} 17. Bxb6 {[%clk 0:08:58]} Nc4 {[%clk 0:03:58]} 18. Nc7
{[%clk 0:07:32]} Nxb6 {[%clk 0:03:51]} 19. Nxa8 {[%clk 0:07:31]} Rxa8
{[%clk 0:03:49]} 20. h3 {[%clk 0:06:30]} Qa4 {[%clk 0:03:44]} 21. Rfe1
{[%clk 0:06:20]} Bxd4 {[%clk 0:03:34]} 22. Nxd4 {[%clk 0:06:07]} Qxd4
{[%clk 0:03:33]} 23. Rc7 {[%clk 0:06:02]} Na4 {[%clk 0:03:15]} 24. b3
{[%clk 0:05:13]} Qb6 {[%clk 0:03:01]} 25. Qc2 {[%clk 0:05:03]} Nac5
{[%clk 0:03:00]} 26. Rxe4 {[%clk 0:03:33]} Nxe4 {[%clk 0:02:52]} 27. a4
{[%clk 0:03:28]} Rb8 {[%clk 0:02:37]} 28. Rc8+ {[%clk 0:03:19]} Rxc8
{[%clk 0:02:35]} 29. Qxc8+ {[%clk 0:03:18]} Kg7 {[%clk 0:02:34]} 30. Qc2
{[%clk 0:03:17]} h5 {[%clk 0:02:20]} 31. Qb2+ {[%clk 0:03:05]} Kg8
{[%clk 0:02:18]} 32. Qc2 {[%clk 0:03:03]} Nc5 {[%clk 0:02:16]} 0-1

[Event "2012"]
[Site "Pyhajarve"]
[Date "2012.11.23"]
[Round "3.2"]
[White "LAPIDUS, Mark"]
[Black "NYBACK, Tomi"]
[Result "1/2-1/2"]
[LiveChessVersion "1.3.1"]
[BlackElo "2631"]
[WhiteElo "2298"]

1. Nf3 {[%clk 0:13:58]} Nf6 {[%clk 0:05:59]} 2. d4 {[%clk 0:13:57]} g6
{[%clk 0:05:57]} 3. c4 {[%clk 0:13:56]} Bg7 {[%clk 0:05:56]} 4. Nc3
{[%clk 0:13:55]} d5 {[%clk 0:05:55]} 5. e3 {[%clk 0:13:52]} O-O {[%clk 0:05:46]}
6. cxd5 {[%clk 0:13:50]} Nxd5 {[%clk 0:05:44]} 7. Bc4 {[%clk 0:13:50]} Nxc3
{[%clk 0:05:20]} 8. bxc3 {[%clk 0:13:49]} b6 {[%clk 0:05:19]} 9. Qe2
{[%clk 0:13:36]} Bb7 {[%clk 0:05:16]} 10. O-O {[%clk 0:13:30]} Nd7
{[%clk 0:05:14]} 11. e4 {[%clk 0:13:15]} c5 {[%clk 0:05:03]} 12. e5
{[%clk 0:13:10]} e6 {[%clk 0:04:54]} 13. Rd1 {[%clk 0:13:00]} Qc7
{[%clk 0:04:29]} 14. Bd3 {[%clk 0:12:39]} Rac8 {[%clk 0:03:53]} 15. Bd2
{[%clk 0:12:37]} Rce8 {[%clk 0:03:29]} 16. Ng5 {[%clk 0:12:21]} Kh8
{[%clk 0:03:02]} 17. h4 {[%clk 0:12:00]} f6 {[%clk 0:03:00]} 18. exf6
{[%clk 0:11:57]} Nxf6 {[%clk 0:02:59]} 19. Bb5 {[%clk 0:11:20]} Bc6
{[%clk 0:02:56]} 20. a4 {[%clk 0:11:08]} Qb7 {[%clk 0:02:45]} 21. Bxc6
{[%clk 0:10:43]} Qxc6 {[%clk 0:02:43]} 22. Qb5 {[%clk 0:10:37]} Qc7
{[%clk 0:02:42]} 23. g3 {[%clk 0:10:07]} Ng4 {[%clk 0:02:27]} 24. Bf4
{[%clk 0:09:56]} Qb7 {[%clk 0:02:15]} 25. dxc5 {[%clk 0:09:51]} e5
{[%clk 0:01:42]} 26. c6 {[%clk 0:09:31]} Qc8 {[%clk 0:01:41]} 27. Bc1
{[%clk 0:07:52]} Qf5 {[%clk 0:01:28]} 28. Qe2 {[%clk 0:06:55]} Nxf2
{[%clk 0:01:19]} 29. Rf1 {[%clk 0:06:50]} Nh3+ {[%clk 0:01:17]} 30. Kg2
{[%clk 0:06:11]} Nf4+ {[%clk 0:00:58]} 31. gxf4 {[%clk 0:05:51]} exf4
{[%clk 0:00:57]} 32. Qf3 {[%clk 0:05:40]} h6 {[%clk 0:00:56]} 33. Nh3
{[%clk 0:05:33]} g5 {[%clk 0:00:41]} 34. hxg5 {[%clk 0:05:25]} hxg5
{[%clk 0:00:40]} 35. Nf2 {[%clk 0:04:46]} Kg8 {[%clk 0:00:32]} 36. Ba3
{[%clk 0:04:40]} Rf6 {[%clk 0:00:31]} 37. Rae1 {[%clk 0:04:35]} Rfe6
{[%clk 0:00:30]} 38. Rxe6 {[%clk 0:04:31]} Qxe6 {[%clk 0:00:29]} 39. Rd1
{[%clk 0:04:17]} Rc8 {[%clk 0:00:27]} 40. Rd6 {[%clk 0:04:11]} Qc4
{[%clk 0:00:26]} 41. Qd3 {[%clk 0:03:52]} Qxd3 {[%clk 0:00:24]} 42. Nxd3
{[%clk 0:03:51]} Bf8 {[%clk 0:00:23]} 43. Ne5 {[%clk 0:03:32]} Bxd6
{[%clk 0:00:22]} 44. Bxd6 {[%clk 0:03:31]} Kg7 {[%clk 0:00:22]} 45. c7
{[%clk 0:03:24]} Kf6 {[%clk 0:00:21]} 46. Nc6 {[%clk 0:03:19]} Ke6
{[%clk 0:00:19]} 47. Nxa7 {[%clk 0:03:14]} Kxd6 {[%clk 0:00:18]} 48. Nxc8+
{[%clk 0:03:11]} Kxc7 {[%clk 0:00:17]} 49. Na7 {[%clk 0:02:52]} Kb7
{[%clk 0:00:16]} 50. Nb5 {[%clk 0:02:50]} Ka6 {[%clk 0:00:16]} 51. Na3
{[%clk 0:01:16]} Ka5 {[%clk 0:00:15]} 52. Nc4+ {[%clk 0:01:15]} Kxa4
{[%clk 0:00:14]} 53. Nxb6+ {[%clk 0:01:13]} Kb5 {[%clk 0:00:13]} 54. Nd5
{[%clk 0:00:59]} Kc4 {[%clk 0:00:12]} 55. Nxf4 {[%clk 0:00:55]} gxf4
{[%clk 0:00:11]} 56. Kf3 {[%clk 0:00:54]} Kxc3 {[%clk 0:00:09]} 57. Kxf4
{[%clk 0:00:54]} 1/2-1/2

[Event "2012"]
[Site "Pyhajarve"]
[Date "2012.11.23"]
[Round "3.3"]
[White "SEEMAN, Tarvo"]
[Black "MIEZIS, Normunds"]
[Result "1/2-1/2"]
[LiveChessVersion "1.3.1"]
[BlackElo "2512"]
[WhiteElo "2386"]

1. e4 {[%clk 0:11:59]} c5 {[%clk 0:07:58]} 2. Nf3 {[%clk 0:11:57]} e6
{[%clk 0:07:56]} 3. d3 {[%clk 0:11:56]} Nc6 {[%clk 0:07:53]} 4. g3
{[%clk 0:11:54]} g6 {[%clk 0:07:49]} 5. Bg5 {[%clk 0:11:45]} f6 {[%clk 0:07:43]}
6. Be3 {[%clk 0:11:44]} d5 {[%clk 0:07:41]} 7. exd5 {[%clk 0:11:16]} exd5
{[%clk 0:07:37]} 8. Bg2 {[%clk 0:10:58]} d4 {[%clk 0:07:32]} 9. Bd2
{[%clk 0:10:49]} Qe7+ {[%clk 0:07:27]} 10. Qe2 {[%clk 0:10:47]} Qxe2+
{[%clk 0:07:23]} 11. Kxe2 {[%clk 0:10:46]} Be6 {[%clk 0:07:11]} 12. Re1
{[%clk 0:10:40]} Kd7 {[%clk 0:07:03]} 13. a4 {[%clk 0:10:24]} Re8
{[%clk 0:06:57]} 14. Kf1 {[%clk 0:10:22]} Bd6 {[%clk 0:06:54]} 15. Na3
{[%clk 0:10:21]} g5 {[%clk 0:06:44]} 16. Re2 {[%clk 0:09:41]} h5 {[%clk 0:05:59]}
17. Rae1 {[%clk 0:08:45]} Bf7 {[%clk 0:05:56]} 18. Rxe8 {[%clk 0:08:35]} Bxe8
{[%clk 0:05:52]} 19. c3 {[%clk 0:08:17]} Nge7 {[%clk 0:05:16]} 20. cxd4
{[%clk 0:07:26]} cxd4 {[%clk 0:04:21]} 21. Nb5 {[%clk 0:06:52]} Bc5
{[%clk 0:04:10]} 22. Rc1 {[%clk 0:05:52]} Bb6 {[%clk 0:04:08]} 23. b4
{[%clk 0:05:44]} Bg6 {[%clk 0:04:05]} 24. Ne1 {[%clk 0:05:33]} a6
{[%clk 0:03:55]} 25. Na3 {[%clk 0:05:16]} Ba7 {[%clk 0:03:40]} 26. b5
{[%clk 0:04:58]} axb5 {[%clk 0:03:37]} 27. Nxb5 {[%clk 0:04:53]} Bb6
{[%clk 0:03:35]} 28. Rb1 {[%clk 0:04:34]} Ra8 {[%clk 0:03:32]} 29. Na3
{[%clk 0:04:19]} Bc7 {[%clk 0:03:20]} 30. Rxb7 {[%clk 0:04:05]} Kc8
{[%clk 0:03:18]} 31. Rb3 {[%clk 0:03:57]} Rxa4 {[%clk 0:03:16]} 32. Nc4
{[%clk 0:03:55]} Ra1 {[%clk 0:03:07]} 33. Ke2 {[%clk 0:03:51]} Kd7
{[%clk 0:03:05]} 34. Be4 {[%clk 0:03:21]} Bf7 {[%clk 0:03:01]} 35. Rb7
{[%clk 0:03:11]} Kc8 {[%clk 0:02:58]} 36. Rb2 {[%clk 0:03:09]} Be6
{[%clk 0:02:55]} 37. Nc2 {[%clk 0:02:57]} Ra6 {[%clk 0:02:38]} 38. Nb4
{[%clk 0:02:54]} Nxb4 {[%clk 0:02:35]} 39. Bxb4 {[%clk 0:02:44]} Kd7
{[%clk 0:02:34]} 40. Bxe7 {[%clk 0:02:39]} Kxe7 {[%clk 0:02:32]} 41. Rb5
{[%clk 0:02:21]} Ra2+ {[%clk 0:02:29]} 42. Kf3 {[%clk 0:02:15]} Bh3
{[%clk 0:02:23]} 43. Bf5 {[%clk 0:02:07]} Bf1 {[%clk 0:02:15]} 44. Rb1
{[%clk 0:01:42]} g4+ {[%clk 0:02:09]} 45. Ke4 {[%clk 0:01:38]} Rxf2
{[%clk 0:02:06]} 46. Bg6 {[%clk 0:01:32]} f5+ {[%clk 0:02:02]} 47. Kxd4
{[%clk 0:01:28]} f4 {[%clk 0:02:00]} 48. Rb7 {[%clk 0:01:08]} Kd8
{[%clk 0:01:58]} 49. Be4 {[%clk 0:01:07]} fxg3 {[%clk 0:01:56]} 50. hxg3
{[%clk 0:01:06]} Bxg3 {[%clk 0:01:53]} 51. Ne5 {[%clk 0:01:04]} Rf6
{[%clk 0:01:44]} 52. Kd5 {[%clk 0:00:57]} Kc8 {[%clk 0:01:36]} 53. Rh7
{[%clk 0:00:56]} h4 {[%clk 0:01:32]} 54. Nxg4 {[%clk 0:00:53]} Rd6+
{[%clk 0:01:30]} 55. Kc5 {[%clk 0:00:53]} Rd8 {[%clk 0:01:24]} 56. Nf6
{[%clk 0:00:50]} Rd6 {[%clk 0:01:21]} 57. Nd5 {[%clk 0:00:48]} Be2
{[%clk 0:01:18]} 58. Rh8+ {[%clk 0:00:45]} Kd7 {[%clk 0:01:14]} 59. Rh7+
{[%clk 0:00:43]} Ke8 {[%clk 0:01:12]} 60. Re7+ {[%clk 0:00:38]} Kf8
{[%clk 0:01:10]} 61. Rh7 {[%clk 0:00:37]} Kg8 {[%clk 0:01:09]} 62. Ra7
{[%clk 0:00:36]} Re6 {[%clk 0:01:06]} 63. Ne7+ {[%clk 0:00:34]} Kf8
{[%clk 0:01:04]} 64. Ng6+ {[%clk 0:00:32]} Ke8 {[%clk 0:01:03]} 65. Bc6+
{[%clk 0:00:31]} Kd8 {[%clk 0:01:00]} 66. Rd7+ {[%clk 0:00:29]} Kc8
{[%clk 0:00:59]} 67. Ne7+ {[%clk 0:00:29]} Rxe7 {[%clk 0:00:55]} 68. Rxe7
{[%clk 0:00:28]} Bxd3 {[%clk 0:00:51]} 69. Be4 {[%clk 0:00:24]} Bxe4
{[%clk 0:00:49]} 70. Rxe4 {[%clk 0:00:24]} Kd7 {[%clk 0:00:48]} 71. Kd5
{[%clk 0:00:22]} Kc7 {[%clk 0:00:47]} 72. Rg4 {[%clk 0:00:21]} Kb6
{[%clk 0:00:46]} 73. Rg6+ {[%clk 0:00:20]} Kb5 {[%clk 0:00:45]} 74. Rg8
{[%clk 0:00:19]} Kb4 {[%clk 0:00:44]} 75. Rh8 {[%clk 0:00:17]} Kc3
{[%clk 0:00:42]} 76. Ke4 {[%clk 0:00:16]} Kd2 {[%clk 0:00:41]} 77. Kf3
{[%clk 0:00:16]} Kd3 {[%clk 0:00:39]} 78. Rxh4 {[%clk 0:00:14]} Bxh4
{[%clk 0:00:34]} 1/2-1/2

[Event "2012"]
[Site "Pyhajarve"]
[Date "2012.11.23"]
[Round "4.1"]
[White "SHORT, Nigel"]
[Black "POOM, Mati"]
[Result "1-0"]
[LiveChessVersion "1.3.1"]
[BlackElo "1824"]
[WhiteElo "2702"]

1. e4 {[%clk 0:01:59]} e5 {[%clk 0:17:57]} 2. Nf3 {[%clk 0:01:58]} Nf6
{[%clk 0:17:56]} 3. Nxe5 d6 4. Nf3 {[%clk 0:01:56]} Qe7 {[%clk 0:17:54]} 5. d3
{[%clk 0:01:54]} d5 {[%clk 0:17:52]} 6. e5 Ng4 7. d4 {[%clk 0:01:52]} c5
{[%clk 0:17:50]} 8. h3 {[%clk 0:01:50]} Nh6 {[%clk 0:17:39]} 9. Nc3
{[%clk 0:01:49]} f6 {[%clk 0:17:38]} 10. Bxh6 {[%clk 0:01:45]} gxh6
{[%clk 0:17:32]} 11. Nxd5 {[%clk 0:01:43]} Qf7 {[%clk 0:17:03]} 12. Nxf6+
{[%clk 0:01:41]} Kd8 {[%clk 0:16:53]} 13. dxc5+ {[%clk 0:01:39]} Bd7
{[%clk 0:16:39]} 14. b4 {[%clk 0:01:32]} Nc6 {[%clk 0:16:28]} 15. Bc4
{[%clk 0:01:30]} Qe7 {[%clk 0:16:16]} 16. e6 {[%clk 0:01:29]} Nb8
{[%clk 0:15:18]} 17. Nxd7 {[%clk 0:01:25]} Nxd7 {[%clk 0:15:15]} 18. Qxd7+
{[%clk 0:01:23]} Qxd7 {[%clk 0:15:14]} 19. exd7 {[%clk 0:01:22]} Kxd7
{[%clk 0:15:13]} 20. O-O-O+ {[%clk 0:01:20]} Kc7 {[%clk 0:15:05]} 21. Ne5
{[%clk 0:01:19]} b6 {[%clk 0:14:30]} 22. Rd7+ {[%clk 0:01:17]} Kc8
{[%clk 0:14:24]} 23. Ba6+ {[%clk 0:01:15]} 1-0

[Event "2012"]
[Site "Pyhajarve"]
[Date "2012.11.23"]
[Round "4.2"]
[White "NYBACK, Tomi"]
[Black "SEEMAN, Tarvo"]
[Result "1-0"]
[LiveChessVersion "1.3.1"]
[BlackElo "2386"]
[WhiteElo "2631"]

1. d4 {[%clk 0:07:58]} Nf6 {[%clk 0:11:59]} 2. c4 {[%clk 0:07:57]} g6
{[%clk 0:11:58]} 3. Nc3 {[%clk 0:07:56]} Bg7 {[%clk 0:11:57]} 4. e4
{[%clk 0:07:55]} d6 {[%clk 0:11:55]} 5. Nf3 {[%clk 0:07:53]} O-O {[%clk 0:11:53]}
6. Be2 {[%clk 0:07:52]} e5 {[%clk 0:11:52]} 7. O-O {[%clk 0:07:48]} Na6
{[%clk 0:11:50]} 8. Be3 {[%clk 0:07:46]} c6 {[%clk 0:11:49]} 9. d5
{[%clk 0:07:39]} Ng4 {[%clk 0:11:48]} 10. Bg5 {[%clk 0:07:37]} f6
{[%clk 0:11:46]} 11. Bh4 {[%clk 0:07:31]} c5 {[%clk 0:11:45]} 12. Ne1
{[%clk 0:07:23]} Nh6 {[%clk 0:11:44]} 13. Nd3 {[%clk 0:07:14]} Qe7
{[%clk 0:11:43]} 14. Rb1 {[%clk 0:07:07]} Bd7 {[%clk 0:11:22]} 15. b4
{[%clk 0:06:50]} b6 {[%clk 0:10:47]} 16. bxc5 {[%clk 0:06:48]} Nxc5
{[%clk 0:10:26]} 17. Nxc5 {[%clk 0:06:46]} dxc5 {[%clk 0:09:49]} 18. a4
{[%clk 0:06:29]} Nf7 {[%clk 0:09:43]} 19. a5 {[%clk 0:06:28]} Rab8
{[%clk 0:09:37]} 20. axb6 {[%clk 0:06:06]} axb6 {[%clk 0:09:36]} 21. Rb3
{[%clk 0:05:23]} Nd6 {[%clk 0:09:29]} 22. Qb1 {[%clk 0:05:20]} Qd8
{[%clk 0:09:11]} 23. Qb2 {[%clk 0:05:17]} g5 {[%clk 0:09:01]} 24. Bg3
{[%clk 0:05:13]} f5 {[%clk 0:08:59]} 25. f3 {[%clk 0:04:51]} g4 {[%clk 0:07:42]}
26. fxg4 {[%clk 0:04:33]} fxe4 {[%clk 0:07:09]} 27. Rxf8+ {[%clk 0:04:30]} Kxf8
{[%clk 0:06:54]} 28. Bf2 {[%clk 0:04:27]} Qc7 {[%clk 0:06:40]} 29. Qb1
{[%clk 0:04:26]} Be8 {[%clk 0:06:20]} 30. Nxe4 {[%clk 0:04:08]} Bg6
{[%clk 0:06:05]} 31. Nxc5 {[%clk 0:03:32]} Re8 {[%clk 0:04:37]} 32. Na6
{[%clk 0:02:58]} Qf7 {[%clk 0:04:07]} 33. Qa2 {[%clk 0:02:29]} e4
{[%clk 0:04:00]} 34. Qa3 {[%clk 0:02:12]} Be5 {[%clk 0:03:57]} 35. Rxb6
{[%clk 0:01:38]} Kg8 {[%clk 0:03:27]} 36. Rxd6 {[%clk 0:01:23]} Rf8
{[%clk 0:02:56]} 37. Be3 {[%clk 0:01:22]} Qg7 {[%clk 0:01:27]} 38. Re6
{[%clk 0:01:15]} Bd4 {[%clk 0:01:16]} 39. h3 {[%clk 0:01:07]} Bxe3+
{[%clk 0:00:59]} 40. Qxe3 {[%clk 0:01:05]} Qa1+ {[%clk 0:00:57]} 41. Kh2
{[%clk 0:01:03]} Qe1 {[%clk 0:00:56]} 42. Rxg6+ {[%clk 0:00:47]} hxg6
{[%clk 0:00:55]} 43. Qxe4 Kg7 44. Bd3 {[%clk 0:00:43]} Qxe4 {[%clk 0:00:53]} 45.
Bxe4 Re8 46. Bf3 {[%clk 0:00:40]} Re1 {[%clk 0:00:50]} 47. d6 {[%clk 0:00:39]}
Rd1 {[%clk 0:00:49]} 48. Bxd1 {[%clk 0:00:38]} 1-0

[Event "2012"]
[Site "Pyhajarve"]
[Date "2012.11.23"]
[Round "4.3"]
[White "MIEZIS, Normunds"]
[Black "HAAVAMAE, Henrik"]
[Result "1-0"]
[LiveChessVersion "1.3.1"]
[BlackElo "1902"]
[WhiteElo "2512"]

1. c4 {[%clk 0:03:59]} Nf6 {[%clk 0:15:58]} 2. g3 {[%clk 0:03:57]} e6
{[%clk 0:15:57]} 3. Bg2 {[%clk 0:03:55]} d5 {[%clk 0:15:55]} 4. cxd5
{[%clk 0:03:52]} exd5 {[%clk 0:15:54]} 5. Nf3 {[%clk 0:03:50]} Bd6
{[%clk 0:15:35]} 6. O-O {[%clk 0:03:46]} O-O {[%clk 0:15:34]} 7. d3
{[%clk 0:03:43]} c6 {[%clk 0:15:24]} 8. Nc3 {[%clk 0:03:41]} Re8 {[%clk 0:15:20]}
9. Re1 {[%clk 0:03:33]} Bf5 {[%clk 0:15:05]} 10. Nh4 {[%clk 0:03:25]} Bg4
{[%clk 0:15:03]} 11. h3 {[%clk 0:03:16]} Bh5 {[%clk 0:14:53]} 12. Nf5
{[%clk 0:03:14]} Bc5 {[%clk 0:14:16]} 13. g4 {[%clk 0:02:51]} Bg6
{[%clk 0:08:51]} 14. e4 {[%clk 0:02:49]} dxe4 {[%clk 0:08:26]} 15. dxe4
{[%clk 0:02:46]} Qxd1 {[%clk 0:08:06]} 16. Rxd1 {[%clk 0:02:44]} Na6
{[%clk 0:07:45]} 17. a3 {[%clk 0:02:41]} Rad8 {[%clk 0:07:34]} 18. Bg5
{[%clk 0:02:36]} h6 {[%clk 0:07:03]} 19. Nxh6+ {[%clk 0:02:22]} Kh7
{[%clk 0:06:45]} 20. Nf5 Nc7 {[%clk 0:06:24]} 21. Rxd8 {[%clk 0:02:14]} Rxd8
{[%clk 0:06:20]} 22. e5 {[%clk 0:02:12]} Ne6 {[%clk 0:06:02]} 23. Bh4
{[%clk 0:02:10]} Ra8 1-0

[Event "2012"]
[Site "Pyhajarve"]
[Date "2012.11.23"]
[Round "4.4"]
[White "VIHMAND, Ants"]
[Black "KULAOTS, Kaido"]
[Result "0-1"]
[LiveChessVersion "1.3.1"]
[BlackElo "2537"]
[WhiteElo "2176"]

1. e4 {[%clk 0:13:59]} c6 {[%clk 0:05:59]} 2. b3 {[%clk 0:13:57]} d5
{[%clk 0:05:58]} 3. Bb2 {[%clk 0:13:56]} dxe4 {[%clk 0:05:55]} 4. Nc3
{[%clk 0:13:56]} Nd7 {[%clk 0:05:49]} 5. Nxe4 {[%clk 0:13:49]} Ngf6
{[%clk 0:05:48]} 6. Qe2 {[%clk 0:13:47]} Nxe4 {[%clk 0:05:45]} 7. Qxe4
{[%clk 0:13:46]} Nf6 {[%clk 0:05:43]} 8. Qh4 {[%clk 0:13:45]} Bf5
{[%clk 0:05:37]} 9. O-O-O {[%clk 0:13:44]} e6 {[%clk 0:05:37]} 10. h3
{[%clk 0:12:44]} Be7 {[%clk 0:05:32]} 11. g4 {[%clk 0:12:22]} Ne4
{[%clk 0:05:15]} 12. Qh5 {[%clk 0:11:51]} Bg6 {[%clk 0:05:06]} 13. Qe5
{[%clk 0:11:36]} Bf6 {[%clk 0:04:45]} 14. Qf4 {[%clk 0:11:30]} Bxb2+
{[%clk 0:04:01]} 15. Kxb2 {[%clk 0:11:27]} Qd4+ {[%clk 0:04:00]} 16. c3
{[%clk 0:11:22]} Qxf2 {[%clk 0:03:58]} 17. Qh2 {[%clk 0:11:03]} O-O-O
{[%clk 0:03:34]} 18. Ne2 {[%clk 0:10:19]} Qxh2 {[%clk 0:03:20]} 19. Rxh2
{[%clk 0:10:17]} Nxd2 {[%clk 0:03:17]} 20. Nd4 {[%clk 0:09:47]} Nf3
{[%clk 0:03:09]} 21. Rf2 {[%clk 0:09:32]} Nxd4 {[%clk 0:03:07]} 22. cxd4
{[%clk 0:09:28]} Rd7 {[%clk 0:03:03]} 23. Kc3 {[%clk 0:09:18]} Rhd8
{[%clk 0:02:58]} 24. Rfd2 {[%clk 0:09:03]} Kc7 {[%clk 0:02:54]} 25. Bg2
{[%clk 0:08:59]} b6 {[%clk 0:02:43]} 26. b4 {[%clk 0:08:58]} Rd6 {[%clk 0:02:32]}
27. a4 {[%clk 0:08:51]} f6 {[%clk 0:02:26]} 28. b5 {[%clk 0:08:39]} cxb5
{[%clk 0:02:19]} 29. axb5 {[%clk 0:08:38]} e5 {[%clk 0:02:14]} 30. d5
{[%clk 0:08:12]} Rc8 {[%clk 0:02:11]} 31. Ra1 {[%clk 0:07:49]} Kb8+
{[%clk 0:02:10]} 32. Kb2 {[%clk 0:07:49]} Rc5 {[%clk 0:02:07]} 33. Bf1
{[%clk 0:07:11]} Rdxd5 {[%clk 0:02:03]} 34. Rxd5 {[%clk 0:07:07]} Rxd5
{[%clk 0:02:02]} 35. Rc1 {[%clk 0:06:58]} Bd3 {[%clk 0:01:53]} 36. Bg2
{[%clk 0:06:32]} Rxb5+ {[%clk 0:01:52]} 37. Ka3 {[%clk 0:06:31]} e4
{[%clk 0:01:45]} 38. Rc6 {[%clk 0:06:29]} Rc5 {[%clk 0:01:40]} 39. Re6
{[%clk 0:06:27]} Re5 {[%clk 0:01:39]} 40. Rd6 {[%clk 0:06:26]} Kc7
{[%clk 0:01:38]} 41. Rd4 {[%clk 0:06:24]} e3 {[%clk 0:01:30]} 42. Rxd3
{[%clk 0:06:23]} e2 {[%clk 0:01:29]} 43. Rc3+ {[%clk 0:06:22]} Kd8
{[%clk 0:01:26]} 44. Rd3+ {[%clk 0:06:21]} Ke7 {[%clk 0:01:25]} 0-1

[Event "2012"]
[Site "Pyhajarve"]
[Date "2012.11.23"]
[Round "4.5"]
[White "OZOLINS, Aris"]
[Black "SMITH, Axel"]
[Result "0-1"]
[LiveChessVersion "1.3.1"]
[BlackElo "2490"]
[WhiteElo "2177"]

1. e4 {[%clk 0:11:59]} c5 {[%clk 0:08:00]} 2. Nf3 {[%clk 0:11:57]} e6
{[%clk 0:08:00]} 3. c4 {[%clk 0:11:56]} Nc6 {[%clk 0:07:58]} 4. Nc3
{[%clk 0:11:56]} Nf6 {[%clk 0:07:57]} 5. g3 {[%clk 0:11:55]} b6 {[%clk 0:07:42]}
6. Bg2 Bb7 7. O-O {[%clk 0:11:52]} d6 {[%clk 0:07:34]} 8. Re1 {[%clk 0:11:49]}
Be7 {[%clk 0:07:32]} 9. d4 {[%clk 0:11:48]} cxd4 {[%clk 0:07:29]} 10. Nxd4
{[%clk 0:11:47]} Nxd4 {[%clk 0:07:14]} 11. Qxd4 {[%clk 0:11:46]} O-O
{[%clk 0:07:09]} 12. h3 {[%clk 0:11:45]} Rc8 {[%clk 0:07:04]} 13. Be3
{[%clk 0:11:43]} Qc7 {[%clk 0:07:00]} 14. Bf1 {[%clk 0:11:24]} Rfd8
{[%clk 0:06:58]} 15. Rac1 {[%clk 0:11:22]} Qb8 {[%clk 0:06:53]} 16. Bg2
{[%clk 0:11:16]} Qa8 {[%clk 0:06:40]} 17. a4 {[%clk 0:11:13]} Nd7
{[%clk 0:06:06]} 18. a5 {[%clk 0:11:09]} Nc5 {[%clk 0:06:01]} 19. axb6
{[%clk 0:11:04]} Nb3 {[%clk 0:05:55]} 20. Qd3 {[%clk 0:10:56]} Nxc1
{[%clk 0:05:53]} 21. Rxc1 {[%clk 0:10:55]} axb6 {[%clk 0:05:51]} 22. Bxb6
{[%clk 0:10:54]} Re8 {[%clk 0:05:37]} 23. b4 {[%clk 0:10:46]} Qa3
{[%clk 0:05:34]} 24. Ba5 {[%clk 0:10:29]} Qxc1+ 0-1